000 00671nam a2200241 i 4500
001 C2-0292257
003 PPAK
005 20180728024338.0
008 081217s2007 nyua|||| ||||| | eng d
020 _a9780316882699
040 _aPPAK
_beng
_cPPAK
_erda
082 0 4 _a823
_223
090 0 0 _a823
_bCOF
_dLCK
100 1 _aCoffelt, Nancy,
_eauthor
245 1 0 _aFred stays with me
264 1 _aNew York :
_bLittle, Brown and Company ,
_c2007
300 _a]31 pages] :
_bcolour illustrations ;
_c24 cm
336 _2rdacontent
_atext
337 _2rdamedia
_aunmediated
338 _2rdacarrier
_avolume
650 1 0 _aChildren,s stories, English
942 _ddc
_cB
999 _c97192
_d97192